|
|
|
|
| LEADER |
01524nam a2200313 a 4500 |
| 001 |
4499152 |
| 008 |
100107r20082002enka b 001 0 eng d |
| 010 |
|
|
|a 97180623
|
| 020 |
|
|
|a 0415251818
|
| 020 |
|
|
|a 0415226422 (pbk.)
|
| 020 |
|
|
|a 9780415251815
|
| 020 |
|
|
|a 9780415226424
|
| 040 |
|
|
|a UkCoU
|c UkCoU
|d WaS
|d DLC
|d BD-DhAAL
|
| 082 |
0 |
0 |
|a 320
|2 21
|
| 245 |
0 |
0 |
|a Politics :
|b an introduction /
|c Barrie Axford ... [et al.].
|
| 250 |
|
|
|a 2nd ed.
|
| 260 |
|
|
|a London ;
|a New York :
|b Routledge,
|c 2008.[reprinted]
|
| 300 |
|
|
|a xviii, 601 p. :
|b ill. ;
|c 25 cm.
|
| 504 |
|
|
|a Includes bibliographical references (p. 569-587) and index.
|
| 541 |
1 |
|
|e 00018688
|
| 650 |
|
0 |
|a Political science.
|
| 700 |
1 |
|
|a Axford, Barrie.
|
| 852 |
4 |
|
|a Ayesha Abed Library
|j General Shelf.
|
| 942 |
0 |
0 |
|0 2
|
| 999 |
|
|
|c 6772
|d 6772
|
| 952 |
|
|
|0 0
|1 0
|2 ddc
|4 0
|6 320_POL_200800000000000
|7 0
|9 6958
|a BRACUL
|b BRACUL
|c GEN
|d 2010-01-07
|l 8
|m 84
|o 320 POL
|p 3010018688
|r 2025-04-27
|s 2024-09-17
|t 1
|w 2010-01-07
|y BK
|
| 952 |
|
|
|0 0
|1 0
|2 ddc
|4 0
|6 320_POL_200800000000000
|7 0
|9 6959
|a BRACUL
|b BRACUL
|c GEN
|d 2010-01-07
|l 6
|m 58
|o 320 POL
|p 3010018687
|r 2025-06-30
|s 2025-06-30
|t 2
|w 2010-01-07
|y BK
|
| 952 |
|
|
|0 0
|1 0
|2 ddc
|4 1
|6 320_POL
|7 0
|9 17848
|a BRACUL
|b BRACUL
|c SPS
|d 2011-08-14
|l 0
|o 320 POL
|p 3010018109
|r 2011-08-14
|t 3
|w 2011-08-14
|y BK
|x Photocopy Book. Declared as Damaged on December 10, 2023
|
| 952 |
|
|
|0 0
|1 0
|2 ddc
|4 1
|6 320_POL
|7 0
|9 17849
|a BRACUL
|b BRACUL
|c SPS
|d 2011-08-14
|l 0
|o 320 POL
|p 3010018110
|r 2011-08-14
|t 4
|w 2011-08-14
|y BK
|x Photocopy Book. Declared as Damaged on December 10, 2023
|